Statistics for Red Dead Redemption 2 quiz

Click here to take the quiz!

General Stats

  • This quiz has been taken 1,413 times
  • The average score is 18 of 33

Answer Stats

Answer% Correct
Arthur's surnameMorgan
97%
Main antagonist, who dies in epilogueMicah Bell
94%
Gang member that left for one yearJohn Marston
80%
Austrian member of the gangLeopold Strauss
76%
Wife of the person aboveAbigail Roberts
75%
Wagon that you rob during first robbery belongs toLeviticus Cornwall
75%
Javier's nationalityMexican
75%
Main town of 3rd chapterRhodes
74%
Name one town from West ElizabethStrawberry/Blackwater
71%
Name one revolver from the gameSchofield/Cattleman/Double Action
70%
Leader of gang aboveColm O'Driscoll
67%
Person that gives Arthur TBThomas Downes
67%
Rains Fall's sonEagle Flies
66%
Gang's 2nd campHorseshoe Overlook
65%
Main rival gangO'Driscolls
64%
Lover of Penelope BraithwaiteBeau Gray
63%
Italian antagonist from chapter 4Angelo Bronte
59%
Robs trolley station with Arthur and DutchLenny Summers
59%
Action of epilogue is in year1907
58%
Female gang member that dies in BlackwaterJenny Kirk
57%
Person that you rob stage coach in Van Horn withBill Williamson
56%
Surname of Mac and DaveyCallander
47%
Camp dog is calledCain
46%
Dutch's love, killed by person aboveAnnabelle
38%
Name of ranch that John works on, in 1st chapter of epiloguePronghorn Ranch
34%
Name of John's epilogue horseRachel
34%
Dictator of GuarmaAlberto Fussar
32%
Gang from New AustinDel Lobos
32%
Widow from one of side missionsCharlotte Balfour
23%
Person that kills Rain Falls' sonColonel Henry Favours
18%
If you save him, he becomes mayor of Saint DenisJean Marc
15%
Arthur's old horse nameBoadicea
14%
Name one of people that you hunt with Sadie in epilogueNathan Kirk/ Shane Finley/Ramon Cortez/Marshall Thurwell
12%

Score Distribution

Percentile by Number Answered

Percent of People with Each Score

Your Score History

You have not taken this quiz